[Event "Let's Play Chess!"]
[Site "http://www.queenalice.com/game.php?id=135645"]
[Date "2006.12.1"]
[Round "-"]
[White "CampbellMarcel"]
[Black "brettmbeeman"]
[Result "1-0"]
[WhiteElo "1680"]
[BlackElo "1333"]

1. d4 d5 2. f4 Qd6 3. Nf3 Bf5 4. Ne5 f6 5. Nf3 Qc6 6. c3 Na6 7. e3 h5 8. h3 e6
9. Bb5 Ne7 10. Bxc6+ Nxc6 11. Nbd2 g5 12. fxg5 fxg5 13. Nxg5 Be7 14. O-O Rg8 15.
Qxh5+ Kd8 16. Nf7+ Kd7 17. Ne5+ Nxe5 18. dxe5 Nc5 19. Rxf5 exf5 20. Qxf5+ Kd8
21. Nb3 Nxb3 22. axb3 Rf8 23. Qd3 c6 24. c4 Rf5 25. Qxf5 dxc4 26. bxc4 c5 27. e6
b6 28. Qd5+ Ke8 29. Qxa8+ Bd8 30. Qxa7 b5 31. Qf7# 1-0

[Event "Let's Play Chess!"]
[Site "http://www.queenalice.com/game.php?id=135646"]
[Date "2006.12.1"]
[Round "-"]
[White "MichelTA"]
[Black "brettmbeeman"]
[Result "1-0"]
[WhiteElo "1203"]
[BlackElo "1286"]

1. e3 e5 2. Nf3 f6 3. Bc4 e4 4. Nd4 c5 5. Nf5 d5 6. Bb5+ Bd7 7. Nh4 Bxb5 8. d4
Qa5+ 9. Bd2 Qc7 10. Nc3 Ba6 11. Nxd5 Qd6 12. Nf4 cxd4 13. exd4 Qxd4 14. Ne6 Qe5
15. Qg4 Nh6 16. Bf4 Nxg4 17. Bxe5 Nxe5 18. Nc7+ Kd8 19. Nxa8 g5 20. Nf5 Bc5 21.
Rd1+ 1-0

[Event "Let's Play Chess!"]
[Site "http://www.queenalice.com/game.php?id=135659"]
[Date "2006.12.1"]
[Round "-"]
[White "brettmbeeman"]
[Black "CampbellMarcel"]
[Result "0-1"]
[WhiteElo "1355"]
[BlackElo "1624"]

1. e4 e6 2. Nc3 b6 3. Nb5 Bb7 4. e5 c6 5. Nd6+ Bxd6 6. exd6 Nf6 7. d4 O-O 8. c3
b5 9. Nf3 Nd5 10. Bg5 f6 11. Be3 Nxe3 12. fxe3 f5 13. a4 bxa4 14. Qxa4 g5 15. h4
g4 16. Ne5 Rf6 17. h5 Rh6 18. c4 Qg5 19. Qb3 Ba6 20. c5 Rxh5 21. Rxh5 Qxh5 22.
Bxa6 Nxa6 23. Qb7 Qh1+ 24. Ke2 Qxg2+ 25. Kd3 Qe4+ 26. Kd2 Rb8 27. Qxa6 Rxb2+ 28.
Kc3 Qc2# 0-1

[Event "AUTO-OPEN-470"]
[Site "http://www.queenalice.com/game.php?id=137712"]
[Date "2006.12.6"]
[Round "1"]
[White "brettmbeeman"]
[Black "vittalr"]
[Result "0-1"]
[WhiteElo "1355"]
[BlackElo "1761"]

1. e4 e5 2. Qh5 Nf6 3. Qxe5+ Be7 4. Nc3 O-O 5. d3 Nc6 6. Qg3 d5 7. exd5 Re8 8.
dxc6 Bd6+ 9. Qe3 Rxe3+ 10. fxe3 bxc6 11. Nf3 Qe7 12. e4 Ba6 13. d4 Nxe4 14. Nxe4
Qxe4+ 15. Kd1 Bxf1 16. Rxf1 Qg4 17. c4 Qxg2 18. Ke1 Re8+ 19. Kd1 Qxf1+ 20. Kc2
Qxf3 21. c5 Re2+ 22. Bd2 Bf4 23. b4 Rxd2+ 24. Kc1 Qf1# 0-1

[Event "AUTO-OPEN-470"]
[Site "http://www.queenalice.com/game.php?id=137714"]
[Date "2006.12.6"]
[Round "1"]
[White "brettmbeeman"]
[Black "carlosot"]
[Result "0-1"]
[WhiteElo "1264"]
[BlackElo "1618"]

1. e4 d5 2. exd5 Qxd5 3. Nc3 Qa5 4. Qf3 Nf6 5. Bb5+ c6 6. Bc4 Qe5+ 7. Nge2 Bg4
8. Qd3 Nbd7 9. b3 e6 10. h3 Bf5 11. Qf3 Qc7 12. Nd4 Bg6 13. Qe3 Bc5 14. b4 Bb6
15. a4 Qd6 16. a5 Bxd4 17. Qf3 Qe5+ 18. Ne2 Bxa1 19. Qa3 Bxc2 20. f4 Qe4 21.
Qxa1 Qxc4 22. O-O Qxe2 23. Qa2 Be4 0-1

[Event "AUTO-OPEN-470"]
[Site "http://www.queenalice.com/game.php?id=137715"]
[Date "2006.12.6"]
[Round "1"]
[White "carlosot"]
[Black "brettmbeeman"]
[Result "1-0"]
[WhiteElo "1620"]
[BlackElo "1262"]

1. d4 d5 2. Nf3 e6 3. Bf4 Bd6 4. Bg5 Qd7 5. e3 Nf6 6. c4 Ne4 7. Bh4 Bb4+ 8. Nbd2
Nxd2 9. Nxd2 dxc4 10. Bxc4 b5 11. Be2 O-O 12. Bf3 Nc6 13. a3 Bd6 14. O-O e5 15.
dxe5 Nxe5 16. Bxa8 Ba6 17. Be4 Nc4 18. Nxc4 bxc4 19. Qc2 Re8 20. Bxh7+ Kh8 21.
Bf5 Qc6 22. Rfd1 Re4 23. Qxe4 Bb7 24. Qxc6 Bxc6 25. Rxd6 1-0

[Event "AUTO-OPEN-470"]
[Site "http://www.queenalice.com/game.php?id=137716"]
[Date "2006.12.6"]
[Round "1"]
[White "brettmbeeman"]
[Black "Nabor"]
[Result "0-1"]
[WhiteElo "1344"]
[BlackElo "1604"]

1. e4 c5 2. Qh5 e6 3. Nf3 Nf6 4. Qh4 Be7 5. e5 Nd5 6. c4 Bxh4 7. cxd5 exd5 8.
Nxh4 Qxh4 9. g3 Qe4+ 10. Be2 Qxh1+ 11. Bf1 Qe4+ 12. Be2 Qxe5 13. Nc3 d4 14. Nb5
d3 15. f4 Qxe2# 0-1

[Event "AUTO-OPEN-470"]
[Site "http://www.queenalice.com/game.php?id=137717"]
[Date "2006.12.6"]
[Round "1"]
[White "Nabor"]
[Black "brettmbeeman"]
[Result "1-0"]
[WhiteElo "2042"]
[BlackElo "1245"]

1. e4 e5 2. Nf3 Nc6 3. Bb5 Nd4 4. Nxd4 exd4 5. O-O c6 6. Bc4 b5 7. Bb3 Bd6 8. f4
Nf6 9. e5 Bc5 10. exf6 Qxf6 11. d3 d5 12. Qe1+ Be6 13. f5 O-O-O 14. fxe6 Qh6 15.
Bxh6 gxh6 16. Rxf7 Rdf8 17. e7 Re8 18. Qe6+ Kb7 19. a4 Rhg8 20. Qd7+ Ka6 21.
axb5+ Kxb5 22. Qb7+ Bb6 23. Na3+ Kc5 24. Rf8 Rgxf8 25. exf8=Q+ 1-0

[Event "AUTO-OPEN-471"]
[Site "http://www.queenalice.com/game.php?id=138175"]
[Date "2006.12.7"]
[Round "1"]
[White "Gota"]
[Black "brettmbeeman"]
[Result "1-0"]
[WhiteElo "1155"]
[BlackElo "1223"]

1. e4 e5 2. Qh5 Nf6 3. Qxe5+ Be7 4. g4 d6 5. Qb5+ Bd7 6. Qxb7 Bc6 7. Bb5 Bxb5 8.
Qxa8 Nxg4 9. Qxa7 Nc6 10. Qa3 d5 11. Qg3 h5 12. exd5 Nce5 13. Qb3 Bc4 14. Qa4+
c6 15. d3 Bb5 16. Qe4 Qxd5 17. Qxd5 Rh6 18. Bxh6 Nxh6 19. Qxe5 1-0

[Event "AUTO-OPEN-471"]
[Site "http://www.queenalice.com/game.php?id=138176"]
[Date "2006.12.7"]
[Round "1"]
[White "brettmbeeman"]
[Black "Gota"]
[Result "0-1"]
[WhiteElo "1243"]
[BlackElo "1135"]

1. e4 e5 2. Qh5 Nf6 3. Qxe5+ Be7 4. Bc4 d6 5. Qb5+ Bd7 6. Qg5 Nxe4 7. Qf4 Bc6 8.
Qxf7+ Kd7 9. Qe6+ Ke8 10. Qf7+ Kd7 11. Qxg7 d5 12. d3 Rg8 13. Qe5 Nf6 14. Bb3
Ng4 15. Qh5 Rg5 16. Bxg5 Bxg5 17. f3 Ne5 18. f4 Bh4+ 19. g3 Bf6 0-1

[Event "AUTO-OPEN-471"]
[Site "http://www.queenalice.com/game.php?id=138191"]
[Date "2006.12.7"]
[Round "1"]
[White "sshspooky"]
[Black "brettmbeeman"]
[Result "1-0"]
[WhiteElo "1401"]
[BlackElo "1381"]

1. g4 e5 2. e4 Qh4 3. Nf3 Qxg4 4. Nxe5 Qxd1+ 5. Kxd1 d6 6. Ng4 Bxg4+ 7. Ke1 Nf6
8. Be2 Be6 9. f4 Nxe4 10. Nc3 Nc5 11. Nb5 Kd8 12. b4 Ne4 13. Bf3 Bf5 14. Nd4 g6
15. d3 Nf6 16. Bxb7 Bh6 17. Bxa8 Re8+ 18. Kf2 c5 19. bxc5 dxc5 20. Nb5 Ng4+ 21.
Kf3 a6 22. Nd6 Re6 23. Nb7+ Kc8 24. Ba3 Re3+ 25. Kg2 Bxf4 26. Nd6+ Kc7 27. Ne8+
Kd8 28. Nd6 Bxd6 29. Rhe1 Rxe1 30. Rxe1 Bxh2 31. Bxc5 Nd7 32. Be7+ Kc8 33. Bf3
h5 34. Rb1 Nde5 35. Bb7+ Kd7 36. Ba3 Nc6 37. Rb6 Nd4 38. Bxa6 Nxc2 39. Rb7+ Kd8
40. Be7+ Ke8 41. Bb5+ Bd7 42. Rxd7 Nge3+ 43. Kxh2 Nf1+ 44. Kg1 Nce3 45. Rc7# 1-0

[Event "AUTO-OPEN-473"]
[Site "http://www.queenalice.com/game.php?id=138756"]
[Date "2006.12.8"]
[Round "1"]
[White "musampa"]
[Black "brettmbeeman"]
[Result "1-0"]
[WhiteElo "1958"]
[BlackElo "1286"]

1. f4 d5 2. Nf3 Qd6 3. e3 Nf6 4. d4 Ne4 5. Nc3 Bf5 6. Bd3 Qb4 7. Bxe4 dxe4 8.
Nd2 Nc6 9. O-O e6 10. g4 Bg6 11. Ndxe4 f5 12. Ng5 Bf7 13. Nxf7 1-0

[Event "AUTO-OPEN-473"]
[Site "http://www.queenalice.com/game.php?id=138757"]
[Date "2006.12.8"]
[Round "1"]
[White "brettmbeeman"]
[Black "musampa"]
[Result "0-1"]
[WhiteElo "1286"]
[BlackElo "1960"]

1. e4 e5 2. Qh5 d6 3. Bc4 g6 4. Qf3 Nf6 5. Nh3 Bh6 6. g4 Bxg4 7. Qg3 Qd7 8. Nc3
Bxh3 9. Nd5 Nxd5 10. Bxd5 c6 11. Bb3 Be6 12. Bxe6 Qxe6 13. d3 Bxc1 14. Rxc1 Qxa2
0-1

[Event "AUTO-OPEN-473"]
[Site "http://www.queenalice.com/game.php?id=138776"]
[Date "2006.12.8"]
[Round "1"]
[White "R_Mutt"]
[Black "brettmbeeman"]
[Result "1-0"]
[WhiteElo "1953"]
[BlackElo "1355"]

1. d4 d5 2. c4 dxc4 3. Nf3 Qd5 4. Nc3 Qd7 5. Ne5 Qe6 6. e4 Nf6 7. Bxc4 Qb6 8.
Bxf7+ Kd8 9. Nc4 Qb4 10. a3 Qb5 11. Nxb5 Nxe4 12. Bf4 Nc6 13. Bxc7+ Kd7 14. Qg4+
e6 15. Qxe6# 1-0

[Event "AUTO-OPEN-473"]
[Site "http://www.queenalice.com/game.php?id=138788"]
[Date "2006.12.8"]
[Round "1"]
[White "brettmbeeman"]
[Black "tassie_devil"]
[Result "1-0"]
[WhiteElo "1330"]
[BlackElo "1833"]

1. e4 c5 2. Qh5 e6 3. Nc3 Nf6 4. Qf3 Nc6 5. Bd3 d5 6. exd5 exd5 7. Nge2 Bg4 8.
Qe3+ Be7 9. h3 d4 10. Qg3 Bd6 11. f4 Be6 12. Ne4 O-O 13. Ng5 Qd7 14. f5 Bxg3+
15. Kd1 Bxf5 16. Bxf5 1-0

[Event "AUTO-OPEN-473"]
[Site "http://www.queenalice.com/game.php?id=138789"]
[Date "2006.12.8"]
[Round "1"]
[White "tassie_devil"]
[Black "brettmbeeman"]
[Result "0-1"]
[WhiteElo "1833"]
[BlackElo "1330"]

1. Nf3 d5 2. d4 e6 3. Nc3 Bb4 4. Bf4 Nf6 5. Qd3 h6 6. a3 Bxc3+ 7. Qxc3 Ne4 8.
Qxc7 Qxc7 9. Bxc7 Nc6 10. e3 Kd7 11. Bg3 Nxg3 12. hxg3 h5 13. g4 g6 14. gxh5
Rxh5 0-1

[Event "Challenge"]
[Site "http://www.queenalice.com/game.php?id=143542"]
[Date "2006.12.19"]
[Round "-"]
[White "txukahamae"]
[Black "brettmbeeman"]
[Result "1-0"]
[WhiteElo "1469"]
[BlackElo "1330"]

1. e4 e5 2. Nf3 d6 3. d4 Nf6 4. Nc3 Bg4 5. Be2 c5 6. dxc5 dxc5 7. Nxe5 Bxe2 8.
Qxe2 Bd6 9. Ng4 Nxg4 10. Qxg4 h5 11. Qxg7 1-0

[Event "Desafio 21-12-2006 13:56"]
[Site "http://www.queenalice.com/game.php?id=144756"]
[Date "2006.12.21"]
[Round "-"]
[White "El_Montes"]
[Black "brettmbeeman"]
[Result "1-0"]
[WhiteElo "1167"]
[BlackElo "1315"]

1. e4 e5 2. Bc4 Qh4 3. Qf3 f5 4. exf5 Qxc4 5. Ne2 e4 6. Qf4 Bd6 7. Qg4 Nf6 8.
Qh3 Qxc2 9. Na3 Qd3 10. Qxd3 exd3 11. Nd4 1-0